Sổ tay người nông dân trồng cây công nghiệp cần biết
Quyển sổ tay này trình bày cách sử dụng thuốc BVTV, một số sâu bệnh trên cây tiêu, cà phê và các loại thuốc để phòng trừ
Guardado en:
| Autor principal: | |
|---|---|
| Formato: | Libro |
| Lenguaje: | Undetermined |
| Publicado: |
An Giang
Sở VHTT An Giang
2000
|
| Materias: | |
| Etiquetas: |
Agregar Etiqueta
Sin Etiquetas, Sea el primero en etiquetar este registro!
|
| Thư viện lưu trữ: | Trung tâm Học liệu Trường Đại học Cần Thơ |
|---|
| LEADER | 00949nam a2200205Ia 4500 | ||
|---|---|---|---|
| 001 | CTU_138939 | ||
| 008 | 210402s9999 xx 000 0 und d | ||
| 082 | |a 632.95 | ||
| 082 | |b X502/2000 | ||
| 100 | |a Võ, Tòng Xuân (chủ biên) | ||
| 245 | 0 | |a Sổ tay người nông dân trồng cây công nghiệp cần biết | |
| 245 | 0 | |c Võ Tòng Xuân (chủ biên), Công ty dịch vụ bảo vệ thực vật An Giang | |
| 260 | |a An Giang | ||
| 260 | |b Sở VHTT An Giang | ||
| 260 | |c 2000 | ||
| 520 | |a Quyển sổ tay này trình bày cách sử dụng thuốc BVTV, một số sâu bệnh trên cây tiêu, cà phê và các loại thuốc để phòng trừ | ||
| 650 | |a Pesticides,Coffee,Black pepper,Cây công nghiệp | ||
| 650 | |x Manual,Diseases and pests,Manual,Planting,Manual | ||
| 904 | |i Năm | ||
| 980 | |a Trung tâm Học liệu Trường Đại học Cần Thơ | ||